Pripravenosť regiónov na čerpanie finančných prostriedkov z Európskej únie
Regionálny rozvoj, hlavné ciele podpory regionálneho rozvoja. Posúdenie existujúcej situácie a pripravenosti jednotlivých obcí michalovskúho regiónu na čerpanie prostriedkov z fondov EÚ. Zistenie, koľko obcí má vypracovaný program hospodárskeho rozvoja a sociálneho rozvoja obce. Výskum bol robený na...
Salvato in:
| Autore principale: | |
|---|---|
| Natura: | Capitolo di libro |
| Lingua: | slovacco |
| Soggetti: | |
| Tags: |
Nessun Tag, puoi essere il primo ad aggiungerne!!
|
MARC
| LEADER | 00000naa$a2200000$$$4500 | ||
|---|---|---|---|
| 001 | 0023079 | ||
| 005 | 20240502071416.5 | ||
| 041 | 0 | |a slo | |
| 044 | |a SK | ||
| 245 | 1 | 0 | |a Pripravenosť regiónov na čerpanie finančných prostriedkov z Európskej únie |c Michal Stričík |
| 520 | |a Regionálny rozvoj, hlavné ciele podpory regionálneho rozvoja. Posúdenie existujúcej situácie a pripravenosti jednotlivých obcí michalovskúho regiónu na čerpanie prostriedkov z fondov EÚ. Zistenie, koľko obcí má vypracovaný program hospodárskeho rozvoja a sociálneho rozvoja obce. Výskum bol robený na základe dotazníkov. | ||
| 610 | 2 | 0 | |a regióny |
| 610 | 2 | 0 | |a politika regionálna |
| 610 | 2 | 0 | |a obce |
| 610 | 2 | 0 | |a rozvoj hospodársky |
| 610 | 2 | 0 | |a rozvoj sociálny |
| 610 | 2 | 0 | |a programy rozvojové |
| 610 | 2 | 0 | |a fondy štruktúrne |
| 610 | 2 | 0 | |a Európska únia |
| 100 | 1 | |a Stričík, Michal, 1969- | |